Word processing and information systems : a practical approach to concepts
Αποθηκεύτηκε σε:
| Κύριος συγγραφέας: | |
|---|---|
| Μορφή: | Βιβλίο |
| Γλώσσα: | English |
| Δημοσίευση: |
New York :
McGraw-Hill,
1985
|
| Θέματα: | |
| Ετικέτες: |
Προσθήκη ετικέτας
Δεν υπάρχουν, Καταχωρήστε ετικέτα πρώτοι!
|
MARC
| LEADER | 00000nam a2200000 i 4500 | ||
|---|---|---|---|
| 001 | 1/44681 | ||
| 008 | 950118s1985 eng d | ||
| 020 | |a 007Y664935 | ||
| 035 | |l 10026012 | ||
| 040 | |a GR-MY-UA |b gre |e aacr | ||
| 041 | 0 | |a eng | |
| 082 | 0 | |a 651.8 | |
| 100 | 1 | |a Popyk, Marlyn. | |
| 245 | 1 | 0 | |a Word processing and information systems : |b a practical approach to concepts / |c Marlyn Popyk |
| 260 | |a New York : |b McGraw-Hill, |c 1985 | ||
| 300 | |a 336 p. | ||
| 650 | 0 | 0 | |a Word processing. |
| 650 | 0 | 0 | |a Information storage and retrieval systems. |
| 650 | 0 | 0 | |a Office practice |x Automation. |
| 852 | |a INST |b CHIOS |e 19950118 |h 651.8 POP |p 005200004807 |q 005200004807 |t BK |y 0 | ||
| 909 | |a Χ |b 003806 | ||